Can You Name Every Oceanian Capital on the Map? - Statistics

General Stats
  • This quiz has been taken 19 times
  • The average score is 12 of 14
Answers on the Map
Answers color-coded by a green-red scale on the quiz's map according to % correct below.
 
Answer Stats
Answer % Correct
Port Moresby
100%
Wellington
100%
Canberra
92%
Funafuti
85%
Honiara
85%
Nuku’alofa
85%
Suva
85%
Majuro
77%
Palikir
77%
Port Vila
77%
South Tarawa
77%
Yaren
77%
Apia
69%
Ngerulmud
69%
No matching quizzes found
Score Distribution
Percent of People with Each Score
Percentile by Number Answered
Your Score History
You have not taken this quiz